• 首页
  • 本馆介绍
  • 公告通知
  • 最新文献
  • 馆藏检索
  • 电子资源
  • 读者导购
  • 参考咨询
  • 我的图书馆
  • 登录
  • 详细信息显示
  • 放入我的书架
  • 预约/预借图书
  • 作者相关作品
  • 分类相关作品
  • 丛书相关作品
  • 出版社相关作品

书目信息

  • 表格格式
  • 工作单格式
  • 卡片格式
书名: The language of business
作者:
分册号:
分册名:
出版地: London :
 
出版社: Radio & Television
出版时间: 1970.
页数: 254 p. :
开本: 21 cm.
丛书名:
中图分类号:
科图分类号:
其他分类号: H31
主题词:
电子资源:
000 00621nam 2200229 a 4500
001 E0752375643
005 20070227143546.89
008 001 0 eng
008 uu
020    @cCNY1.10.
040    @aNLC
049    @aN5LA
090    @a2-96/H315/M151/////1142841
090    @aH31
096    @aH315 @v3
099    @dH31@ex38
100 1  @aMack, Angela.
245 14 @aThe language of business
260    @aLondon :@bRadio & Television,@c1970.
300    @a254 p. :@bill. ;@c21 cm.
500    @aRep. 1986. @b00 @c20020930 @lNLC09 @h2243 @lNLC09 @h2209 @lNLC09 @h1800
852 9  @bWWJC @cJ09 @k2-96 @hH315 @iM151
    
    The language of business.-London : : Radio & Television, , 1970.
    254 p. : : ill. ; ; 21 cm.
    Rep. 1986.
    
    ISBN CNY1.10.
    
●
相关链接 在E读中查询图书 在五车中查询图书 在当当中查询图书 在豆瓣中查询图书


正题名:language of business     索取号:H31/x38         预约/预借

序号 登录号 条形码 馆藏地/架位号 状态 备注
1 22399   000917823   第四借阅区/ [索取号:H31/x38] 在馆    
2 47353   000917770   第四借阅区/ [索取号:H31/x38] 在馆    
唐山师范学院图书馆 欢迎您!
大连网信软件有限公司© 版权所有